000 00751cam a22002175i 4500
999 _c58189
_d58189
001 18814631
005 20221110125431.0
008 151013s2016 maua 001 0 eng c
020 _a9780134177304x
041 _aeng
080 _a004.7 H-80
100 1 _aHorstmann, Cay S.,
_d
_912397
245 1 0 _aCore Java /
_cCay S. Horstmann.
264 1 _aBoston :
_bPrentice Hall,
_c[2016].
300 _a2 volumes :
_billustrations ;
_c23 cm.
653 _aსაინფორმაციო ტექნოლოგიები
653 _aკომპიუტერული კომუნიკაცია
653 _aკომპიუტერული ქსელები
653 _aინტერნეტი
942 _2udc
_cBK